000
00328nam a22001457a 4500
008
250709b ||||| |||| 00| 0 eng d
020
_a
9781471156267
041
_a
ENG
080
_2
2016
_a
001
082
_a
001
100
_a
1
101
_a
GJUHE DHE LETERSI
245
_a
IT ENDS WITH UN
_c
COLLEEN HOOVER
942
_2
udc
_c
BK
999
_c
60730
_d
60730